Application of Artificial Neural Networks to Cost Factors Stimulating Innovation – The Case of Slovakia

Analýza 155 malých a stredných podnikov v SR. Zistenie účinnosti umelých neurónových sietí pri riešení vzťahov medzi vstupmi (náklady na vedu a výskum) a výstupmi (obrat).

Gespeichert in:
Bibliographische Detailangaben
1. Verfasser: Zaušková, Anna
Weitere Verfasser: Lyakina, Maria, Tretyak, Vladimir, Miklenčičová, Renáta
Format: Buchkapitel
Sprache:Englisch
Schlagworte:
Tags: Tag hinzufügen
Keine Tags, Fügen Sie das erste Tag hinzu!

MARC

LEADER 00000naa a2200000 4500
001 0266887
005 20221104111244.0
041 0 |a eng 
044 |a SK 
245 1 0 |a Application of Artificial Neural Networks to Cost Factors Stimulating Innovation – The Case of Slovakia  |c Anna Zaušková, Maria Lyakina, Vladimir Tretyak, Renáta Miklenčičová 
520 |a Analýza 155 malých a stredných podnikov v SR. Zistenie účinnosti umelých neurónových sietí pri riešení vzťahov medzi vstupmi (náklady na vedu a výskum) a výstupmi (obrat). 
610 2 0 |a siete neurónové 
610 2 0 |a inovácie technologické 
610 2 0 |a výskum 
610 2 0 |a vývoj 
610 2 0 |a modely matematické 
610 2 0 |a náklady 
100 1 |a Zaušková, Anna 
700 1 |a Lyakina, Maria 
700 1 |a Tretyak, Vladimir 
700 1 |a Miklenčičová, Renáta